|
|
|
|
| LEADER |
00000cam a2200000 7i4500 |
| 001 |
0000021404 |
| 005 |
20080512.0 |
| 008 |
071205 |
| 020 |
|
|
|a 0321159659
|
| 040 |
|
|
|a INS
|
| 090 |
0 |
0 |
|a TK5105.8885.A26
|b L45 2004
|
| 100 |
1 |
|
|a Leinecker, Rick
|
| 245 |
1 |
0 |
|a ASP.Net solutions :
|b 23 case studies :
|b best practices for developers
|c Rick Leinecker
|
| 260 |
|
|
|a Boston :
|b Addison-Wesley ,
|c 2004
|
| 300 |
|
|
|a xvii,891p. :
|b ill. ;
|c 23cm.
|
| 500 |
|
|
|a Includes index
|
| 650 |
0 |
0 |
|a Active server pages
|
| 650 |
0 |
0 |
|a Web site development
|
| 650 |
0 |
0 |
|a Web sites
|x Design
|x Case studies
|
| 999 |
|
|
|a 0000019887
|b BOOK
|c Open Shelf
|e Default branch
|